[Event "Mittelfrank Regionalliga Sud-Ost 2122"]
[Site "Mittelfranken"]
[Date "2022.03.20"]
[Round "4.8"]
[White "Shen, Tingrui"]
[Black "Lutze, Michael"]
[Result "1/2-1/2"]
[WhiteElo "1832"]
[BlackElo "1660"]
[PlyCount "69"]
[EventDate "2021.10.24"]
[EventType "team-tourn"]
[EventRounds "9"]
[EventCountry "GER"]
[SourceTitle "EXT 2024"]
[Source "ChessBase"]
[SourceDate "2023.10.10"]
[SourceVersion "1"]
[SourceVersionDate "2023.10.10"]
[SourceQuality "1"]
[WhiteTeam "Tegernsee"]
[BlackTeam "Freising"]
[WhiteTeamCountry "GER"]
[BlackTeamCountry "GER"]

1. e4 c5 2. Nc3 d6 3. Nge2 Nf6 4. d4 cxd4 5. Nxd4 a6 6. Bg5 e5 7. Nf5 Bxf5 8. Bxf6 Qxf6 9. Nd5 Qd8 10. exf5 Nd7 11. g4 Rc8 12. Qd2 Nb6 13. Nxb6 Qxb6 14. 0-0-0 Be7 15. h4 0-0 16. g5 Rfd8 17. f6 Bf8 18. g6 hxg6 19. h5 Qc6 20. Bh3 Rc7 21. hxg6 d5 22. Be6 Qxe6 23. Qg5 fxg6 24. f7+ Kxf7 25. Qxd8 Rd7 26. Qa5 Be7 27. Kb1 Qc6 28. Rh3 Bf6 29. Rc3 Qe6 30. Rc7 d4 31. Qc5 Rxc7 32. Qxc7+ Qe7 33. Qc4+ Qe6 34. Qc7+ Qe7 35. Qc4+ 1/2-1/2